Manual of selected Swiss shares
Guardat en:
| Format: | Llibre |
|---|---|
| Idioma: | Undetermined |
| Publicat: |
Switzerland
Swisss Bank Corportaion
1984
|
| Matèries: | |
| Etiquetes: |
Afegir etiqueta
Sense etiquetes, Sigues el primer a etiquetar aquest registre!
|
| Thư viện lưu trữ: | Trung tâm Học liệu Trường Đại học Cần Thơ |
|---|
| LEADER | 00400nam a2200145Ia 4500 | ||
|---|---|---|---|
| 001 | CTU_84854 | ||
| 008 | 210402s9999 xx 000 0 und d | ||
| 082 | |a 330.9 | ||
| 082 | |b M294 | ||
| 245 | 0 | |a Manual of selected Swiss shares | |
| 260 | |a Switzerland | ||
| 260 | |b Swisss Bank Corportaion | ||
| 260 | |c 1984 | ||
| 650 | |a economic conditions | ||
| 980 | |a Trung tâm Học liệu Trường Đại học Cần Thơ | ||